[Event "AUTO-OPEN-3127"]
[Site "http://www.queenalice.com/game.php?id=1234654"]
[Date "2013.11.23"]
[Round "1"]
[White "Ruusgugg"]
[Black "chessxtime"]
[Result "1-0"]
[WhiteElo "1337"]
[BlackElo "1399"]

1. e4 e5 2. Bb5 c6 3. Be2 Nf6 4. d3 c5 5. c4 Nc6 6. Nf3 Nd4 7. Nxd4 exd4 8. O-O
Bd6 9. a4 O-O 10. a5 Qc7 11. Bd2 Bxh2+ 12. Kh1 a6 13. g3 Ng4 14. Bxg4 Re8 15.
Kxh2 Re6 16. Qf3 Re7 17. Qg2 d6 18. Bd1 Be6 19. f4 Rf8 20. f5 Qd7 21. b4 Qc7 22.
fxe6 Rxe6 23. b5 Rg6 24. bxa6 bxa6 25. Bh5 f5 26. exf5 Rh6 27. Bxh6 gxh6 28. Rf4
Qe7 29. Qd5+ Kh8 30. g4 1-0

[Event "AUTO-OPEN-3127"]
[Site "http://www.queenalice.com/game.php?id=1234655"]
[Date "2013.11.23"]
[Round "1"]
[White "chessxtime"]
[Black "Ruusgugg"]
[Result "1-0"]
[WhiteElo "1465"]
[BlackElo "1409"]

1. e4 e5 2. Bc4 Nf6 3. Ne2 Bd6 4. Nbc3 O-O 5. d3 Ng4 6. h3 Nh6 7. Ng1 Qf6 8. Nf3
Bc5 9. O-O Qe6 10. Bxe6 dxe6 11. Nxe5 a5 12. d4 Be7 13. Qf3 c6 14. Qg3 f6 15.
Bxh6 fxe5 16. Qxg7# 1-0

[Event "AUTO-INT-2764"]
[Site "http://www.queenalice.com/game.php?id=1234800"]
[Date "2013.11.24"]
[Round "1"]
[White "chessxtime"]
[Black "kykobr"]
[Result "0-1"]
[WhiteElo "1480"]
[BlackElo "1676"]

1. e4 c5 2. Bc4 e6 3. d3 a6 4. Nc3 b5 5. Bb3 Nf6 6. Nf3 Qc7 7. O-O Nc6 8. e5
Nxe5 9. Qe2 c4 10. Nxe5 cxb3 11. axb3 Bd6 12. Ng4 Nxg4 13. Qxg4 Bxh2+ 14. Kh1
O-O 15. Bh6 Be5 16. Rae1 Bf6 17. Ne4 Qe5 18. Nxf6+ Qxf6 19. Rxe6 dxe6 20. Bg5
Qg6 21. Re1 e5 22. Qh4 Bb7 23. Rxe5 f6 24. Qf4 fxe5 25. Qxe5 Rxf2 26. Be3 Qxg2#
0-1

[Event "AUTO-INT-2764"]
[Site "http://www.queenalice.com/game.php?id=1234813"]
[Date "2013.11.24"]
[Round "1"]
[White "altair"]
[Black "chessxtime"]
[Result "1-0"]
[WhiteElo "1707"]
[BlackElo "1381"]

1. e4 d5 2. f3 e6 3. d3 Nf6 4. a3 Bc5 5. Ne2 c6 6. Nbc3 O-O 7. e5 Nfd7 8. d4 Bb6
9. g4 Qh4+ 10. Ng3 Qe7 11. h4 a5 12. Bg5 f6 13. exf6 gxf6 14. Bh6 e5 15. Nf5 Qd8
16. Bxf8 Nxf8 17. dxe5 fxe5 18. Qd2 Be6 19. O-O-O Be3 20. Nxe3 Nbd7 21. Bg2 d4
22. Ne4 Ng6 23. Nf5 Qb6 24. h5 1-0

[Event "AUTO-INT-2764"]
[Site "http://www.queenalice.com/game.php?id=1234814"]
[Date "2013.11.24"]
[Round "1"]
[White "chessxtime"]
[Black "altair"]
[Result "0-1"]
[WhiteElo "1378"]
[BlackElo "1710"]

1. e4 e5 2. Bc4 Nf6 3. Nf3 d6 4. d4 h6 5. Bb5+ c6 6. Ba4 Be7 7. Be3 O-O 8. Nc3
a5 9. d5 b5 10. Bb3 a4 11. Bxa4 bxa4 12. Nxa4 Rxa4 13. O-O Nxe4 14. b3 Ra5 15.
c4 Nc3 16. Qd3 Nxa2 17. dxc6 Nb4 18. Qe4 N4xc6 19. Qg4 Bxg4 20. Rad1 Bxf3 21.
gxf3 Bh4 22. Rfe1 f5 23. f4 exf4 0-1

[Event "AUTO-INT-2764"]
[Site "http://www.queenalice.com/game.php?id=1234821"]
[Date "2013.11.24"]
[Round "1"]
[White "tche_elvio"]
[Black "chessxtime"]
[Result "1-0"]
[WhiteElo "1481"]
[BlackElo "1434"]

1. d4 e6 2. c4 Nf6 3. Nc3 Bd6 4. g3 Nc6 5. Bg2 Na5 6. b3 Nc6 7. Bg5 Be5 8. dxe5
Nxe5 9. Nf3 Neg4 10. O-O c5 11. e4 h6 12. Bxf6 Qxf6 13. e5 Qe7 14. a3 O-O 15. b4
a5 16. b5 b6 17. a4 f6 18. Ne4 Nxe5 19. Nxe5 fxe5 20. Qd6 Qf7 21. Nf6+ Qxf6 22.
Bxa8 Rf7 23. Qxb6 Rf8 24. Qxc5 Qg6 25. Qe3 Rf6 26. Be4 Qh5 27. h4 d5 28. cxd5
Kh8 29. dxe6 1-0

[Event "AUTO-INT-2764"]
[Site "http://www.queenalice.com/game.php?id=1234822"]
[Date "2013.11.24"]
[Round "1"]
[White "chessxtime"]
[Black "tche_elvio"]
[Result "0-1"]
[WhiteElo "1420"]
[BlackElo "1495"]

1. e4 e6 2. Bc4 Nc6 3. Nc3 g6 4. Nf3 Bg7 5. d4 Nge7 6. Bg5 O-O 7. Nh4 d5 8. exd5
Na5 9. Bd3 Bd7 10. b4 c6 11. dxe6 Bxe6 12. Nf3 Bg4 13. O-O b5 14. h3 h6 15. Bh4
Nc4 16. hxg4 Nb2 17. Qb1 Nxd3 18. Qd1 Nxb4 19. g5 h5 20. Rb1 Nbd5 21. Ne4 Nf5
22. Qe2 Nxh4 23. Nxh4 Bxd4 24. Rbd1 Nf4 25. Qg4 hxg4 26. Nf6+ Kg7 27. Rfe1 Bxf6
28. g3 Nh3+ 29. Kg2 Bxg5 0-1

[Event "AUTO-OPEN-3136"]
[Site "http://www.queenalice.com/game.php?id=1238129"]
[Date "2013.12.6"]
[Round "1"]
[White "chessxtime"]
[Black "Aspayne"]
[Result "0-1"]
[WhiteElo "1472"]
[BlackElo "2094"]

1. e4 Nf6 2. c3 Nxe4 3. d3 Nf6 4. c4 d5 5. cxd5 Nxd5 6. Nf3 c5 7. Nbd2 Nc6 8. g3
e5 9. a4 Be7 10. Bg2 Bg4 11. h3 Be6 12. O-O O-O 13. Nc4 Bf6 14. Nh4 Bxh4 15.
gxh4 Qxh4 16. Ra3 Rad8 17. Rb3 Nf4 18. Qe1 Bxh3 19. Bf3 Bxf1 20. Qxf1 Nd4 21.
Nxe5 Nxf3+ 22. Nxf3 Qg4+ 23. Kh2 Qxf3 24. Bxf4 Qxf4+ 25. Kg1 Rd6 26. Rxb7 Rg6+
0-1

[Event "AUTO-OPEN-3136"]
[Site "http://www.queenalice.com/game.php?id=1238130"]
[Date "2013.12.6"]
[Round "1"]
[White "Aspayne"]
[Black "chessxtime"]
[Result "1-0"]
[WhiteElo "2080"]
[BlackElo "1494"]

1. e4 e6 2. Nc3 Qg5 3. Nf3 Qf4 4. d4 Qd6 5. Nb5 Qb6 6. Bf4 Bb4+ 7. c3 Ba5 8.
Bxc7 Qxb5 9. Bxb5 Bxc7 10. O-O Nf6 11. e5 Nh5 12. Qc2 O-O 13. Ng5 g6 14. Bd3 d6
15. f4 f6 16. Bxg6 Rf7 17. Bxf7+ Kg7 18. Qxh7+ Kf8 19. Qg8+ Ke7 20. Qe8# 1-0

[Event "AUTO-INT-2771"]
[Site "http://www.queenalice.com/game.php?id=1238217"]
[Date "2013.12.7"]
[Round "1"]
[White "Leovitor"]
[Black "chessxtime"]
[Result "1-0"]
[WhiteElo "1493"]
[BlackElo "1448"]

1. e4 e5 2. Nf3 f6 3. d4 Bb4+ 4. Nbd2 c6 5. Bc4 b5 6. Bxg8 Rxg8 7. dxe5 Rf8 8.
exf6 Qxf6 9. O-O g5 10. a3 Ba5 11. Nb3 Bb6 12. Bxg5 Qxb2 13. Bh6 d6 14. Bxf8
Kxf8 15. Qxd6+ Ke8 16. Qe5+ Kd8 17. Rfd1+ Bd7 18. Qxb2 Kc8 19. Ne5 a5 20. Nxd7
Nxd7 21. Qh8+ Bd8 22. Qxh7 Ra7 23. Nc5 1-0

[Event "AUTO-INT-2771"]
[Site "http://www.queenalice.com/game.php?id=1238218"]
[Date "2013.12.7"]
[Round "1"]
[White "chessxtime"]
[Black "Leovitor"]
[Result "0-1"]
[WhiteElo "1463"]
[BlackElo "1478"]

1. e4 e6 2. d4 d5 3. Bd3 c5 4. Nf3 Nc6 5. Bb5 Bd7 6. Bg5 Nge7 7. e5 g6 8. dxc5
Qa5+ 9. Nc3 a6 10. Qe2 Bg7 11. O-O axb5 12. a4 bxa4 13. Rxa4 Qd8 14. b3 Rxa4 15.
Nxa4 O-O 16. Nb6 Re8 17. Qe3 h6 18. Bf4 Nb4 19. Nh4 g5 20. Bxg5 hxg5 21. Qxg5
Nxc2 22. f4 Nc8 23. Qh5 Nxb6 0-1

[Event "AUTO-INT-2771"]
[Site "http://www.queenalice.com/game.php?id=1238233"]
[Date "2013.12.7"]
[Round "1"]
[White "Goudan"]
[Black "chessxtime"]
[Result "1-0"]
[WhiteElo "1651"]
[BlackElo "1407"]

1. e4 d5 2. exd5 Qxd5 3. Nc3 Qd8 4. Bc4 e6 5. Nf3 Nf6 6. O-O Nc6 7. d4 Bd6 8. g3
a5 9. Bg5 h6 10. Be3 Ra6 11. Bxa6 bxa6 12. a3 h5 13. a4 O-O 14. d5 exd5 15. Nxd5
Be6 16. Nxf6+ Qxf6 17. b3 Nb4 18. Bd4 1-0

[Event "AUTO-INT-2771"]
[Site "http://www.queenalice.com/game.php?id=1238234"]
[Date "2013.12.7"]
[Round "1"]
[White "chessxtime"]
[Black "Goudan"]
[Result "0-1"]
[WhiteElo "1490"]
[BlackElo "1652"]

1. e4 e5 2. Bc4 Nf6 3. d3 Bc5 4. Nf3 Nc6 5. Ng5 O-O 6. Bxf7+ Rxf7 7. Qf3 Rf8 8.
Qg3 Nh5 9. Qh3 d5 10. Qxh5 h6 11. Nh3 dxe4 12. dxe4 Bxh3 13. gxh3 Bxf2+ 14. Kf1
Be3+ 15. Ke2 Rf2+ 16. Kxe3 Qd4# 0-1

[Event "AUTO-INT-2771"]
[Site "http://www.queenalice.com/game.php?id=1238243"]
[Date "2013.12.7"]
[Round "1"]
[White "rafa_sax88"]
[Black "chessxtime"]
[Result "1-0"]
[WhiteElo "1428"]
[BlackElo "1467"]

1. e4 e5 2. Nf3 d5 3. d4 Bb4+ 4. c3 Ba5 5. Nxe5 Nf6 6. exd5 Qxd5 7. Bc4 Qd8 8.
O-O Bg4 9. Qa4+ Nbd7 10. Bb3 c6 11. Qc4 b5 12. Qxf7# 1-0

[Event "AUTO-INT-2771"]
[Site "http://www.queenalice.com/game.php?id=1238244"]
[Date "2013.12.7"]
[Round "1"]
[White "chessxtime"]
[Black "rafa_sax88"]
[Result "1-0"]
[WhiteElo "1448"]
[BlackElo "1446"]

1. e4 e5 2. Bc4 Nf6 3. d4 exd4 4. Qxd4 Nc6 5. Qe3 Bc5 6. Qxc5 Nxe4 7. Qe3 d5 8.
f3 O-O 9. Bb3 Qh4+ 10. Kd1 Nf2+ 11. Ke1 Re8 12. Qxe8# 1-0